00491nam a22001577a 450000500170000001000130001702000260003003500130005603700220006908200080009110000170009924500740011626000390019027000790022930000250030820221012104702.0 aB-745944 a9789390389438c495.00 aB-745944 bPrabhat Prakashan a000 aSharma, D.N. aGeneral Nursing & Mid Wifery (GNM):bEntrance Exam-2021/cD.N. Sharma aNew DelhibPrabhat Prakashanc2019 bNew Delhia4/19, Asaf Ali Roade110002k23289555, mprabhatbooks@gmail.com avii,656p.c28cm(pbk)